000 00724nam a2200217 i 4500
001 49530
003 ES-MaACL
005 20230906162010.0
007 t|
008 030717s1906 sp ||||1| spa d
100 1 _aCosta, José L.
_941059
245 1 0 _aAnuario guía general de los balnearios y aguas minerales de España y mediodía de Francia /
_cpor José L. Costa.
260 _a[Madrid :
_bs.n.,
_c1906] (
_fAntonio Marzo)
300 _a224 p. :
_bil. ;
_c27 cm.
650 4 _aBalnearios-
_zEspaña.
_9162099
650 4 _aAguas minerales-
_zEspaña.
_9135522
650 0 0 _aBalnearios-
_zFrancia.
_910481
650 4 _aAguas minerales-
_zFrancia.
_9135524
852 _aES-MaACL
_jG-13983
852 _aES-MaACL
_jG-2991
999 _c49530
_d49530